000 00858cad a22002055a 4500
001 L156839
008 120718s2012 xxk f 000 0 eng d
035 _a(Sirsi) u156839
041 0 _aeng
110 2 _aSavills Research
_95211
245 0 0 _aPrime regional residential markets
_h[electronic resource]
260 _c2012
490 0 _aSavills Research Residential Market in Minutes Prime Regional Residential Markets
_vJuly 2012
520 _aHouse prices fell by 0.9% in prime regional residential markets in the 2 Qr 2012. The price gap between regional prime and London and South East continues to widen.
590 _aKA
651 4 _aUnited Kingdom
_y
690 _aResidential property
_96266
856 4 0 _uhttps://www.savills.co.uk/research/residential-research.aspx
_zView the report after free registration at www.savills.co.uk
942 _n0
999 _c114447
_d114447